| 000 | 00638nam a22001937a 4500 | ||
|---|---|---|---|
| 999 |
_c525552 _d525552 |
||
| 003 | NUST | ||
| 005 | 20190703051851.0 | ||
| 008 | 190703b ||||| |||| 00| 0 eng d | ||
| 038 | _aMr. Zahoor | ||
| 082 | _a510 | ||
| 100 |
_aSharif, Razia _916454 |
||
| 245 |
_aNumerical Results for Flows and Heat Transfer Due to Nonlinearly and Exponentially Stretching Surfaces with Variable Fluid Properties / _cRazia Sharif |
||
| 260 |
_aIslamabad : _bSNS - NUST, _c2018. |
||
| 300 |
_a70 p. : ill. ; _c30cm |
||
| 500 | _aHardcover. | ||
| 650 |
_aMathematics - Ms Thesis _916139 |
||
| 700 |
_aDr. Muhammad Asif Farooq _916455 |
||
| 942 |
_2ddc _cTHE |
||